000 00538nam a22001817a 4500
003 OSt
005 20140310182349.0
008 130316t xxu||||| |||| 00| 0 eng d
020 _a0698113934
050 _aPZ 7
_bM5357Gi 1992
082 _aGS 823
_bM55g 1992
100 _aMerrill, Jean
_922142
245 _aThe girl who loved caterpillars :
_cJean Merrill
_ba twelfth-century tale from Japan /
260 _a New York
_bPhilomel Books
_c1992
300 _a1 v. (unpaged)
_bcol. ill.
_c29 cm.
942 _2lcc
_cBK-GS
999 _c12294
_d12294